[Event "2. Solinger Karnevalsopen"]
[Site "Solingen"]
[Date "2011.03.06"]
[Round "4.5"]
[White "Turco, Alfonso"]
[Black "Goerke, Joachim"]
[Result "1/2-1/2"]
[WhiteElo "2071"]
[BlackElo "2154"]
[PlyCount "71"]
[EventDate "2011.??.??"]

1. b3 d5 2. Bb2 c5 3. e3 Nc6 4. Nf3 Bg4 5. h3 Bh5 6. Be2 Nf6 7. d3 Qc7 8. c4
dxc4 9. bxc4 e6 10. O-O Be7 11. Nc3 Rd8 12. Rb1 O-O 13. Ba1 Rd7 14. Ne1 Bg6 15.
f4 Rfd8 16. Nb5 Qb8 17. Qb3 a6 18. Na3 Nh5 19. Rf3 Bh4 20. Qb2 f6 21. g4 Ng3
22. Ng2 Nxe2+ 23. Qxe2 Bxd3 24. Qb2 Bxb1 25. Nxb1 Rd1+ 26. Kh2 Be1 27. g5 e5
28. gxf6 gxf6 29. Nxe1 Rxe1 30. Nc3 exf4 31. Nd5 fxe3+ 32. Rg3+ Qxg3+ 33. Kxg3
Nd4 34. Qb6 Rxd5 35. cxd5 Rxa1 36. Qd8+ 1/2-1/2

[Event "2. Solinger Karnevalsopen"]
[Site "Solingen"]
[Date "2011.03.06"]
[Round "4.6"]
[White "Goldenstein, Arnd"]
[Black "Schroeder, Jan-Christian"]
[Result "0-1"]
[WhiteElo "2064"]
[BlackElo "2144"]
[PlyCount "40"]
[EventDate "2011.??.??"]

1. d4 d5 2. c4 e6 3. Nc3 Be7 4. Bf4 Nf6 5. Nf3 O-O 6. e3 Nbd7 7. h3 c5 8. cxd5
Nxd5 9. Nxd5 exd5 10. Bd3 cxd4 11. exd4 Bb4+ 12. Kf1 Qf6 13. Bg5 Qb6 14. g4 Nf6
15. Qb3 Qd6 16. a3 Ba5 17. Qc2 h6 18. Bh4 Qf4 19. Kg2 Ne4 20. Qc5 Nxc5 0-1

[Event "2. Solinger Karnevalsopen"]
[Site "Solingen"]
[Date "2011.03.06"]
[Round "4.7"]
[White "Hantak, Adam"]
[Black "Jakob, Matthias"]
[Result "1/2-1/2"]
[WhiteElo "2198"]
[BlackElo "2003"]
[PlyCount "20"]
[EventDate "2011.??.??"]

1. d4 e6 2. c4 b6 3. e4 Bb7 4. Bd3 f5 5. Nc3 Bb4 6. Qc2 Nf6 7. Bd2 Bxc3 8. Bxc3
fxe4 9. Be2 O-O 10. Nh3 Nc6 1/2-1/2

[Event "2. Solinger Karnevalsopen"]
[Site "Solingen"]
[Date "2011.03.06"]
[Round "4.8"]
[White "Beil, Detlef"]
[Black "Kuznetsov, Mark"]
[Result "1/2-1/2"]
[WhiteElo "1996"]
[BlackElo "2147"]
[PlyCount "106"]
[EventDate "2011.??.??"]

1. e4 e5 2. Nf3 Nc6 3. Bb5 a6 4. Ba4 Nf6 5. d3 b5 6. Bb3 Be7 7. O-O d6 8. c3
Bg4 9. h3 Bd7 10. Be3 O-O 11. Nbd2 Na5 12. Bc2 c5 13. d4 cxd4 14. cxd4 Nc6 15.
Rc1 Rc8 16. d5 Na5 17. Bd3 Rxc1 18. Qxc1 Qb8 19. b3 Rc8 20. Qa3 Bd8 21. Rc1 Bb6
22. Rxc8+ Bxc8 23. b4 Bxe3 24. fxe3 Nc4 25. Nxc4 bxc4 26. Bxc4 Nxe4 27. Bxa6
Qa8 28. b5 Nc5 29. Qa5 Bxa6 30. bxa6 Nxa6 31. Qb6 f6 32. Qxd6 Qa7 33. Qe6+ Kf8
34. Qd6+ Kf7 35. Qe6+ Kf8 36. Qd6+ Kf7 37. Qa3 Qb6 38. Kf2 Nb4 39. Qb3 Qc5 40.
d6+ Kf8 41. Qe6 Nd5 42. d7 Qxe3+ 43. Kf1 Qc1+ 44. Ne1 Qf4+ 45. Kg1 Qe3+ 46. Kh2
Qf4+ 47. g3 Qd2+ 48. Ng2 Ne7 49. h4 h5 50. Kh3 Qd1 51. Kh2 Qd2 52. Kh3 Qd1 53.
Kh2 Qd2 1/2-1/2

[Event "2. Solinger Karnevalsopen"]
[Site "Solingen"]
[Date "2011.03.06"]
[Round "4.9"]
[White "Naundorf, Maik"]
[Black "Bondarchuk, Vadim"]
[Result "1-0"]
[WhiteElo "2131"]
[BlackElo "1995"]
[PlyCount "47"]
[EventDate "2011.??.??"]

1. c4 e6 2. g3 d5 3. Bg2 c5 4. Nf3 Nc6 5. d4 Nf6 6. O-O Be7 7. dxc5 Bxc5 8. a3
Be7 9. b4 O-O 10. Bb2 h6 11. Nbd2 Qb6 12. Qc2 a6 13. Rad1 Rd8 14. e4 d4 15. e5
Nd7 16. Nb3 Ndxe5 17. Nxe5 Nxe5 18. Bxd4 Qc7 19. Na5 Nd7 20. Qe4 Rb8 21. c5 e5
22. c6 Nf6 23. Bxe5 Bd6 24. Bxd6 1-0

[Event "2. Solinger Karnevalsopen"]
[Site "Solingen"]
[Date "2011.03.06"]
[Round "4.10"]
[White "Flesch, Stefan"]
[Black "Fichtner, Ewald"]
[Result "1/2-1/2"]
[WhiteElo "2103"]
[BlackElo "1970"]
[PlyCount "78"]
[EventDate "2011.??.??"]

1. d4 d5 2. c4 c6 3. Nf3 Nf6 4. Nc3 dxc4 5. a4 Bf5 6. e3 e6 7. Bxc4 Bb4 8. O-O
O-O 9. Qe2 Bg4 10. Rd1 Qa5 11. Qc2 Bxf3 12. gxf3 Nbd7 13. e4 Rfd8 14. Be3 Nf8
15. e5 Nd5 16. Nxd5 cxd5 17. Bd3 Rdc8 18. Qb3 Rc7 19. Kf1 Rac8 20. Ke2 Nd7 21.
Bd2 Bxd2 22. Rxd2 Qb6 23. Qxb6 Nxb6 24. b3 Nd7 25. Raa2 Nb8 26. Bc2 Nc6 27. Bd1
Nb4 28. Ra1 Rc3 29. a5 h6 30. Ra4 Na6 31. Rd3 Rxd3 32. Kxd3 Kh7 33. Kd2 Kg6 34.
Be2 Nb8 35. b4 Kg5 36. b5 Nd7 37. Ra1 h5 38. Rg1+ Kh6 39. f4 g6 1/2-1/2

[Event "2. Solinger Karnevalsopen"]
[Site "Solingen"]
[Date "2011.03.06"]
[Round "4.11"]
[White "Ommer, Walter"]
[Black "Hobusch, Jan"]
[Result "0-1"]
[WhiteElo "2071"]
[BlackElo "1892"]
[PlyCount "78"]
[EventDate "2011.??.??"]

1. d4 Nf6 2. c4 c6 3. Nc3 d5 4. e3 e6 5. Bd3 Nbd7 6. Nf3 dxc4 7. Bxc4 b5 8. Bd3
a6 9. O-O Bb7 10. e4 b4 11. Ne2 c5 12. Ng3 cxd4 13. Re1 e5 14. Qa4 Qc7 15. Bg5
Bc6 16. Qd1 g6 17. Rc1 Qd6 18. Nd2 Bg7 19. Nc4 Qe6 20. Na5 Bb5 21. b3 O-O 22.
Qd2 Bxd3 23. Qxd3 Rfc8 24. Nc4 a5 25. f3 h6 26. Bd2 Ne8 27. Ne2 Nc5 28. Qb1 Qa6
29. f4 d3 30. Ng3 exf4 31. Bxf4 Bd4+ 32. Kf1 h5 33. e5 Bc3 34. Re3 Rd8 35. Ne4
Nxe4 36. Rxe4 a4 37. Rd1 axb3 38. Qxb3 Qxa2 39. Rb1 Qxb3 0-1

[Event "2. Solinger Karnevalsopen"]
[Site "Solingen"]
[Date "2011.03.06"]
[Round "4.12"]
[White "Schloeffel, Christian"]
[Black "Kuhn, Juergen"]
[Result "0-1"]
[WhiteElo "1914"]
[BlackElo "2059"]
[PlyCount "74"]
[EventDate "2011.??.??"]

1. e4 Nf6 2. Bc4 Nxe4 3. Bxf7+ Kxf7 4. Qh5+ g6 5. Qd5+ e6 6. Qxe4 d5 7. Qf4+
Kg8 8. d4 Bd6 9. Qg5 Qxg5 10. Bxg5 Kg7 11. Nf3 h6 12. Be3 Nd7 13. Nc3 a6 14.
O-O b6 15. Rfe1 c5 16. Bxh6+ Rxh6 17. Rxe6 cxd4 18. Nxd5 Bc5 19. Rae1 Nf8 20.
Re7+ Bxe7 21. Rxe7+ Kh8 22. Ng5 Be6 23. Nxe6 Nxe6 24. Rxe6 Rc8 25. Rxb6 Rxc2
26. h3 Rh5 27. Nf4 Rb5 28. Rxg6 Rbxb2 29. Rxa6 Rxf2 30. Ra8+ Kh7 31. Ra7+ Kg8
32. Nd3 Rxg2+ 33. Kf1 Rxa2 34. Rd7 Rh2 35. Kg1 Rhd2 36. Rd8+ Kg7 37. Rd7+ Kf8
0-1

[Event "2. Solinger Karnevalsopen"]
[Site "Solingen"]
[Date "2011.03.06"]
[Round "4.13"]
[White "Probst, Andreas"]
[Black "Schmidt, Kai-Uwe"]
[Result "1-0"]
[WhiteElo "2046"]
[BlackElo "2055"]
[PlyCount "91"]
[EventDate "2011.??.??"]

1. d4 Nf6 2. c4 g6 3. Nc3 Bg7 4. e4 O-O 5. Nf3 d6 6. Be2 e5 7. dxe5 dxe5 8.
Qxd8 Rxd8 9. Bg5 Re8 10. O-O-O c6 11. Ne1 Na6 12. Nc2 Nc5 13. f3 a5 14. Rd2 Ne6
15. Be3 Bf8 16. Rhd1 Bc5 17. Bxc5 Nxc5 18. b3 Nh5 19. Kb2 Nf4 20. Bf1 Be6 21.
g3 Nh5 22. a3 Kg7 23. b4 axb4 24. axb4 Na4+ 25. Nxa4 Rxa4 26. Rd8 Re7 27. Ra1
Rxa1 28. Nxa1 f5 29. Nb3 fxe4 30. fxe4 Rd7 31. Nc5 Re7 32. Nxe6+ Rxe6 33. Rd7+
Kh6 34. Rxb7 Rf6 35. Bd3 Rf2+ 36. Kc3 Rxh2 37. b5 cxb5 38. c5 Nxg3 39. c6 Rh1
40. c7 Rc1+ 41. Bc2 Nxe4+ 42. Kb2 Rxc2+ 43. Kxc2 Nd6 44. Rb6 Nc8 45. Rb8 Nd6
46. Rd8 1-0

[Event "2. Solinger Karnevalsopen"]
[Site "Solingen"]
[Date "2011.03.06"]
[Round "4.14"]
[White "Poghoshyan, Tigran"]
[Black "Zimmermann, Ulrich"]
[Result "0-1"]
[WhiteElo "1669"]
[BlackElo "2047"]
[PlyCount "74"]
[EventDate "2011.??.??"]

1. e4 c5 2. Nf3 Nc6 3. d4 cxd4 4. Nxd4 Nf6 5. Nc3 d6 6. Bg5 e6 7. f4 h6 8. Bh4
Be7 9. Nxc6 bxc6 10. Qd2 Nxe4 11. Bxe7 Nxd2 12. Bxd8 Nxf1 13. Rxf1 Kxd8 14. Rd1
Ke7 15. Ne4 Rd8 16. Kf2 c5 17. c4 Ba6 18. b3 Bb7 19. Nc3 Bc6 20. Rfe1 g6 21. g4
Kf6 22. Ne4+ Bxe4 23. Rxe4 a5 24. h4 a4 25. g5+ hxg5 26. hxg5+ Ke7 27. Rd2 axb3
28. axb3 Rdb8 29. Re3 Rb4 30. Red3 Ra6 31. Ke3 Rab6 32. Ra2 Rxb3 33. Ra7+ Rb7
34. Rxb7+ Rxb7 35. Ke4 Rb4 36. Rc3 d5+ 37. Kd3 Rxc4 0-1

[Event "2. Solinger Karnevalsopen"]
[Site "Solingen"]
[Date "2011.03.06"]
[Round "4.15"]
[White "Stahnecker, Ludwig"]
[Black "Westermann, Walter"]
[Result "1-0"]
[WhiteElo "2024"]
[BlackElo "1861"]
[PlyCount "45"]
[EventDate "2011.??.??"]

1. e4 c6 2. d4 d5 3. exd5 cxd5 4. c4 Nf6 5. Nc3 g6 6. cxd5 Bg7 7. Bc4 O-O 8.
Nge2 Nbd7 9. Nf4 Nb6 10. Bb3 Bg4 11. f3 Bf5 12. O-O Rc8 13. Re1 Re8 14. Qe2 Qc7
15. Be3 Bh6 16. g3 a6 17. Ng2 g5 18. Rac1 Qd6 19. g4 Bg6 20. h4 Nbxd5 21. hxg5
Nxe3 22. Qxe3 Qg3 23. gxh6 1-0

[Event "2. Solinger Karnevalsopen"]
[Site "Solingen"]
[Date "2011.03.06"]
[Round "4.18"]
[White "Metzing, Joachim"]
[Black "Mager, Denis"]
[Result "1/2-1/2"]
[WhiteElo "2005"]
[BlackElo "1732"]
[PlyCount "44"]
[EventDate "2011.??.??"]

1. c4 Nf6 2. Nc3 e6 3. Qa4 c6 4. g3 d5 5. Bg2 d4 6. Ne4 Nxe4 7. Bxe4 Nd7 8. Qc2
f5 9. Bg2 Ne5 10. d3 Bb4+ 11. Bd2 Qa5 12. Nh3 Bxd2+ 13. Qxd2 Qxd2+ 14. Kxd2 O-O
15. b4 Bd7 16. a4 Rab8 17. Rhb1 Ng4 18. b5 h6 19. Ra2 Kf7 20. Rab2 c5 21. a5
Ke7 22. a6 b6 1/2-1/2

[Event "2. Solinger Karnevalsopen"]
[Site "Solingen"]
[Date "2011.03.06"]
[Round "4.19"]
[White "Winkler, Fabian"]
[Black "Imcke, Patrick"]
[Result "0-1"]
[WhiteElo "1989"]
[BlackElo "1796"]
[PlyCount "72"]
[EventDate "2011.??.??"]

1. d4 e6 2. c4 f5 3. Nf3 Nf6 4. Bg5 Bb4+ 5. Nbd2 b6 6. g3 Bb7 7. Bg2 O-O 8. O-O
Bxd2 9. Qxd2 d6 10. Rfd1 Nbd7 11. Qc3 Qe8 12. Ne5 Bxg2 13. Nxd7 Ne4 14. Qe3
Qxd7 15. Kxg2 h6 16. Bxh6 gxh6 17. Qxh6 Qf7 18. f3 Nf6 19. Qg5+ Qg7 20. Qxg7+
Kxg7 21. a4 a5 22. Rac1 Nd7 23. e3 Rae8 24. Re1 e5 25. Rcd1 Re7 26. Kf2 Rfe8
27. Kf1 Kf6 28. d5 Nc5 29. Ra1 f4 30. e4 Rh8 31. Kg2 fxg3 32. h3 Nd3 33. Rh1
Rg7 34. Rab1 Rhg8 35. b3 Nf4+ 36. Kg1 g2 0-1

[Event "2. Solinger Karnevalsopen"]
[Site "Solingen"]
[Date "2011.03.06"]
[Round "4.20"]
[White "Kuehn, Matthias"]
[Black "Reinacher, Detlev"]
[Result "1-0"]
[WhiteElo "1949"]
[BlackElo "1697"]
[PlyCount "53"]
[EventDate "2011.??.??"]

1. e4 d6 2. Nc3 g6 3. f4 Bg7 4. Nf3 Nf6 5. g3 c6 6. Bg2 Nbd7 7. O-O Qc7 8. d3
O-O 9. h3 e5 10. f5 b5 11. g4 h6 12. g5 hxg5 13. Nxg5 Qb6+ 14. Kh2 Nh7 15. Nxf7
gxf5 16. Nxd6 fxe4 17. Rxf8+ Ndxf8 18. Nxc8 Rxc8 19. Nxe4 Rc7 20. Qg4 Kh8 21.
Bd2 c5 22. Ng5 Nxg5 23. Bxg5 Bf6 24. Bxf6+ Qxf6 25. Rf1 Qe7 26. Bd5 Qe8 27.
Qg8# 1-0

[Event "2. Solinger Karnevalsopen"]
[Site "Solingen"]
[Date "2011.03.06"]
[Round "4.21"]
[White "Reinhardt, Klaus"]
[Black "Dreier, Stefan"]
[Result "0-1"]
[WhiteElo "1861"]
[BlackElo "1898"]
[PlyCount "72"]
[EventDate "2011.??.??"]

1. Nf3 d5 2. d4 c5 3. e3 e6 4. c3 Nc6 5. Bd3 Nf6 6. Nbd2 cxd4 7. exd4 Bd6 8.
O-O O-O 9. Re1 Qc7 10. h3 Re8 11. Nf1 e5 12. dxe5 Nxe5 13. Nxe5 Bxe5 14. Bg5
Be6 15. Qd2 Nd7 16. Rad1 Bf6 17. Bb1 g6 18. Bxf6 Nxf6 19. Qg5 Kg7 20. Rd4 h6
21. Qd2 Bd7 22. Rd1 Be6 23. Ng3 Rac8 24. Rh4 Rh8 25. Rf4 Qb6 26. Qe2 Nd7 27. h4
h5 28. Nf1 Bg4 29. Rxg4 hxg4 30. Qxg4 Nf6 31. Qd4 Qxd4 32. Rxd4 Rc4 33. g3 Rxd4
34. cxd4 Rc8 35. Bd3 Rc1 36. Kg2 Rd1 0-1

[Event "2. Solinger Karnevalsopen"]
[Site "Solingen"]
[Date "2011.03.06"]
[Round "4.22"]
[White "Lasschuit, Rene"]
[Black "Hollender, Christoph"]
[Result "0-1"]
[WhiteElo "1858"]
[BlackElo "1832"]
[PlyCount "102"]
[EventDate "2011.??.??"]

1. d4 Nf6 2. e3 d5 3. Bd3 e6 4. Nf3 Be7 5. O-O O-O 6. Nbd2 c5 7. b3 Nc6 8. Bb2
cxd4 9. Nxd4 Nxd4 10. Bxd4 Nd7 11. Nf3 Bf6 12. Be2 Bxd4 13. Qxd4 Qf6 14. Rfd1
Qxd4 15. Rxd4 Nf6 16. c4 dxc4 17. Rxc4 Bd7 18. Rc7 Bc6 19. Ne5 Nd5 20. Rxc6
bxc6 21. Ba6 Nb4 22. Bc4 Rfd8 23. a3 Nc2 24. Ra2 Rd1+ 25. Bf1 Na1 26. Rb2 Rc1
27. g3 Rd8 28. Kg2 f6 29. Nc4 Nc2 30. Be2 Ne1+ 31. Kh3 Nd3 32. Bxd3 Rxd3 33.
Kg2 Rcc3 34. Nd2 Kf7 35. Kf3 f5 36. Ke2 Ke7 37. h4 h6 38. Ra2 Rd7 39. Rb2 Rb7
40. Ra2 a5 41. Kf3 a4 42. b4 Rd7 43. Ke2 Rdd3 44. Nb1 Rb3 45. Rc2 Kd6 46. Ra2
Kc7 47. Rc2 Kb6 48. Rc1 Rd7 49. Nd2 Rb2 50. Rd1 Kc7 51. Ke1 Ra2 0-1

[Event "2. Solinger Karnevalsopen"]
[Site "Solingen"]
[Date "2011.03.06"]
[Round "4.23"]
[White "Maczkowiak, Thomas"]
[Black "Shishkov, Mark"]
[Result "1/2-1/2"]
[WhiteElo "1932"]
[BlackElo "1603"]
[PlyCount "54"]
[EventDate "2011.??.??"]

1. Nf3 Nf6 2. g3 b6 3. Bg2 Bb7 4. O-O e6 5. d3 Be7 6. Nbd2 d6 7. e4 c5 8. a4
Qc7 9. Nc4 d5 10. Bf4 Qc8 11. exd5 Nxd5 12. Bd6 Qd8 13. Bxe7 Nxe7 14. Ng5 Bxg2
15. Kxg2 O-O 16. Kg1 Nd7 17. Qe2 Nf5 18. Nf3 Nf6 19. Rfe1 Qd5 20. Ne3 Nxe3 21.
fxe3 Rac8 22. e4 Qh5 23. Nd2 Qg6 24. Nc4 h5 25. Rf1 h4 26. Qg2 hxg3 27. Qxg3
Qxg3+ 1/2-1/2

[Event "2. Solinger Karnevalsopen"]
[Site "Solingen"]
[Date "2011.03.06"]
[Round "4.24"]
[White "Zolfagharian, Kevin"]
[Black "Rohovoj, Dimitrij"]
[Result "1/2-1/2"]
[WhiteElo "1626"]
[BlackElo "2041"]
[PlyCount "115"]
[EventDate "2011.??.??"]

1. e4 c5 2. Nf3 Nc6 3. d4 cxd4 4. Nxd4 Nf6 5. Nc3 d6 6. Bg5 e6 7. f4 Be7 8. Qd2
O-O 9. O-O-O Nxd4 10. Qxd4 Qa5 11. Qd2 a6 12. Kb1 Qc7 13. Be2 Rd8 14. g4 b5 15.
Bf3 Bb7 16. Bxf6 Bxf6 17. Ne2 Rac8 18. g5 Be7 19. h4 d5 20. e5 Bc5 21. h5 a5
22. g6 b4 23. gxh7+ Kh8 24. h6 g6 25. f5 exf5 26. e6 fxe6 27. Nf4 Qf7 28. Rhe1
Re8 29. Qe2 e5 30. Nxg6+ Qxg6 31. Bh5 Qe6 32. Bxe8 Rxe8 33. Qb5 Qc6 34. Qd3 Qf6
35. Qb5 Qc6 36. Qd3 Qd7 37. Rf1 e4 38. Qg3 Kxh7 39. Rxf5 Rg8 40. Qf4 Qd6 41.
Rf7+ Kh8 42. Qxd6 Bxd6 43. Rxb7 e3 44. Rg7 Rxg7 45. hxg7+ Kxg7 46. c3 bxc3 47.
bxc3 Kf6 48. Kc2 Ke5 49. Kd3 Bc5 50. Rb1 a4 51. Rb5 Kd6 52. Ra5 a3 53. Ke2 Kc6
54. Ra4 Kb5 55. Rg4 Bb6 56. Rb4+ Kc6 57. Rb1 Bc5 58. Rh1 1/2-1/2

[Event "2. Solinger Karnevalsopen"]
[Site "Solingen"]
[Date "2011.03.06"]
[Round "4.25"]
[White "Reksten, Daniel"]
[Black "Moeller, Jeremy"]
[Result "1-0"]
[WhiteElo "1761"]
[BlackElo "1850"]
[PlyCount "63"]
[EventDate "2011.??.??"]

1. d4 Nf6 2. c4 c5 3. d5 b5 4. cxb5 a6 5. bxa6 Bxa6 6. Nc3 d6 7. g3 g6 8. Bg2
Bg7 9. Qc2 Nbd7 10. Nh3 O-O 11. O-O Qb6 12. b3 Rfb8 13. Rb1 Ra7 14. Bb2 Qa5 15.
Ba1 Nb6 16. a4 Rab7 17. Rfd1 Nbd7 18. Na2 Nh5 19. Bxg7 Nxg7 20. Ng5 Nf5 21. Nf3
Rc7 22. e4 Nd4 23. Nxd4 cxd4 24. Qd2 Qxd2 25. Rxd2 Rbc8 26. Rxd4 Rc2 27. Nb4
Rc1+ 28. Rd1 Rxd1+ 29. Rxd1 Be2 30. Re1 Bh5 31. Nc6 Kf8 32. b4 1-0

[Event "2. Solinger Karnevalsopen"]
[Site "Solingen"]
[Date "2011.03.06"]
[Round "4.26"]
[White "Thumm, Felix"]
[Black "Vranidis, Athanassios"]
[Result "0-1"]
[WhiteElo "1770"]
[BlackElo "1748"]
[PlyCount "102"]
[EventDate "2011.??.??"]

1. e4 c5 2. Nf3 d6 3. c3 Nf6 4. Qc2 Nc6 5. d4 cxd4 6. cxd4 e6 7. Nc3 Bd7 8. Bg5
Be7 9. Bd3 Nb4 10. Qd2 Nxd3+ 11. Qxd3 h6 12. Bh4 Rc8 13. O-O a6 14. Rac1 O-O
15. h3 Nd5 16. Bxe7 Nxe7 17. Nh2 b5 18. Qg3 b4 19. Nb1 d5 20. Ng4 Kh7 21. exd5
exd5 22. Ne5 Bb5 23. Rfe1 Nf5 24. Qf4 Qg5 25. Qxg5 hxg5 26. Rxc8 Rxc8 27. Nxf7
Nxd4 28. Nxg5+ Kg6 29. Nf3 Nxf3+ 30. gxf3 Rc2 31. a3 Rxb2 32. axb4 Rxb4 33. Nc3
d4 34. Nd5 Rb3 35. Kg2 d3 36. Rd1 Kf5 37. Ne7+ Kf4 38. Ng6+ Kf5 39. Ne7+ Ke5
40. Re1+ Kd4 41. Re4+ Kc5 42. Re5+ Kc4 43. Re4+ Kc3 44. Nd5+ Kc2 45. Ne3+ Kc1
46. Re5 d2 47. Rc5+ Kb1 48. Rd5 Rd3 49. Rxd3 Bxd3 50. Kg3 a5 51. Kg4 a4 0-1

[Event "2. Solinger Karnevalsopen"]
[Site "Solingen"]
[Date "2011.03.06"]
[Round "4.27"]
[White "Vovchik, Vladimir"]
[Black "Fraenzel, Marius"]
[Result "1/2-1/2"]
[WhiteElo "1769"]
[BlackElo "1644"]
[PlyCount "130"]
[EventDate "2011.??.??"]

1. e4 e5 2. Nf3 Nc6 3. Bb5 a6 4. Ba4 Nf6 5. Nc3 b5 6. Bb3 d6 7. h3 Na5 8. O-O
Be7 9. Re1 Nxb3 10. axb3 c5 11. Nxb5 Bb7 12. Nc3 O-O 13. d3 h6 14. Na4 Nh7 15.
Be3 f5 16. exf5 Rxf5 17. Nh2 Qe8 18. Nc3 d5 19. Bxh6 Qg6 20. Qg4 Bg5 21. h4
gxh6 22. hxg5 Rxg5 23. Qh3 Rf8 24. g3 h5 25. Ra4 Rf7 26. Nf1 Rgf5 27. Qg2 Ng5
28. f4 exf4 29. Re8+ Kg7 30. Nd2 f3 31. Qh2 f2+ 32. Kf1 Nf3 33. Nxf3 Rxf3 34.
g4 Qg5 35. Qe5+ Qxe5 36. Rxe5 Rh3 37. Rxh5 Re3 38. Rf5 Re1+ 39. Kxf2 Rxf5+ 40.
gxf5 Re5 41. Rf4 Kf6 42. Na4 d4 43. Kf1 Bc8 44. Nb6 Kg5 45. Rf2 Bxf5 46. Re2
Bh3+ 47. Kf2 Rf5+ 48. Kg3 Bg4 49. Re8 Rf3+ 50. Kg2 Rf6 51. Re5+ Kf4 52. Nc4
Bf3+ 53. Kf2 Rh6 54. Rxc5 Rh2+ 55. Ke1 Rh1+ 56. Kf2 Rh2+ 57. Ke1 Re2+ 58. Kf1
Rxc2 59. Rc8 Kg3 60. Rg8+ Bg4 61. Ke1 Rh2 62. Re8 Rh1+ 63. Kd2 Rh2+ 64. Kc1
Rh1+ 65. Kd2 Rh2+ 1/2-1/2

[Event "2. Solinger Karnevalsopen"]
[Site "Solingen"]
[Date "2011.03.06"]
[Round "4.28"]
[White "Krenz, Tomas"]
[Black "Rieger, Isabelle"]
[Result "0-1"]
[WhiteElo "1715"]
[BlackElo "1372"]
[PlyCount "142"]
[EventDate "2011.??.??"]

1. d4 Nf6 2. c4 g6 3. Nc3 Bg7 4. e4 d6 5. f3 O-O 6. Be3 Nbd7 7. Bd3 e5 8. d5 a5
9. Nge2 Ne8 10. Qd2 f5 11. O-O-O f4 12. Bf2 c6 13. Kb1 Qc7 14. Rc1 a4 15. Qc2
Qa5 16. Be1 Nc5 17. Rf1 Rf7 18. Rd1 Bf6 19. Nb5 Qa6 20. Na3 Bd8 21. Nc3 Nf6 22.
Bf2 Nfd7 23. Kc1 Ba5 24. Kd2 Bb4 25. Nab1 Nb6 26. Bxc5 Bxc5 27. b3 Be3+ 28. Ke2
axb3 29. axb3 Nd7 30. Na4 Qa5 31. Nbc3 Nc5 32. Ra1 Qc7 33. Nxc5 Rxa1 34. Rxa1
Bxc5 35. Ra8 Kg7 36. Qa2 Bd7 37. Qa5 Qxa5 38. Rxa5 Bb4 39. Ra7 Bxc3 40. Rxb7
cxd5 41. exd5 Kf8 42. b4 Be8 43. Rb6 Rd7 44. b5 Bd4 45. Ra6 Ke7 46. Kd2 Ra7 47.
Kc2 Rxa6 48. bxa6 Ba4+ 49. Kb1 Kd7 50. Ka2 Bc5 51. Kb2 Kc7 52. Kc1 Kb6 53. g4
Kxa6 54. h4 Ka5 55. h5 Be8 56. g5 Kb4 57. Kd2 Bb6 58. hxg6 Bxg6 59. Bxg6 hxg6
60. Kd3 Bd8 61. Ke4 Be7 62. Kd3 Bxg5 63. Ke4 Kb3 64. Kd3 Kb4 65. Ke4 Kc5 66.
Kd3 Bh4 67. Ke4 g5 68. Kd3 Kb4 69. Ke2 Kxc4 70. Kd2 Kxd5 71. Kd3 Be1 0-1

[Event "2. Solinger Karnevalsopen"]
[Site "Solingen"]
[Date "2011.03.06"]
[Round "4.29"]
[White "Runte, Dirk"]
[Black "Gordeeva, Vitalia"]
[Result "1-0"]
[WhiteElo "1582"]
[BlackElo "1691"]
[PlyCount "53"]
[EventDate "2011.??.??"]

1. d4 d5 2. c4 e6 3. Nf3 Nf6 4. g3 Be7 5. Bg2 O-O 6. O-O b6 7. Bf4 Bb7 8. Qb3
c5 9. cxd5 Nxd5 10. Ne5 cxd4 11. e3 dxe3 12. Bxe3 Bf6 13. Ng4 Qe7 14. Rd1 Nxe3
15. Bxb7 Nxd1 16. Nxf6+ Qxf6 17. Qc2 Qxb2 18. Qxb2 Nxb2 19. Bxa8 Nd7 20. Bg2
Rc8 21. Nd2 Rc2 22. Nb3 Nf6 23. a4 Ng4 24. a5 h6 25. axb6 a6 26. Rxa6 Kh7 27.
Be4+ 1-0

[Event "2. Solinger Karnevalsopen"]
[Site "Solingen"]
[Date "2011.03.06"]
[Round "4.30"]
[White "Eick, Holger"]
[Black "Bashylin, Seva"]
[Result "0-1"]
[WhiteElo "1058"]
[BlackElo "1686"]
[PlyCount "78"]
[EventDate "2011.??.??"]

1. d4 Nf6 2. Nf3 g6 3. e3 Bg7 4. Nc3 O-O 5. Bd3 d6 6. h3 Nfd7 7. O-O Nc6 8. a3
e5 9. d5 Ne7 10. e4 f5 11. Ng5 Nc5 12. b4 Nxd3 13. cxd3 c6 14. Qb3 cxd5 15.
Nxd5 Kh8 16. Ne3 f4 17. Nf7+ Rxf7 18. Qxf7 fxe3 19. fxe3 Bd7 20. Bb2 Qe8 21.
Qxe8+ Bxe8 22. Rf3 Bc6 23. Rf7 Re8 24. Rc1 Bh6 25. Kf2 Kg8 26. Rf3 a6 27. Ke2
Rf8 28. Rxf8+ Kxf8 29. Rf1+ Ke8 30. Bc1 Nc8 31. Bd2 Nb6 32. Rc1 Kd7 33. Rf1 Ke7
34. Rc1 d5 35. exd5 Nxd5 36. Rg1 Nf6 37. g4 Bg7 38. e4 Bb5 39. Rg3 Nxe4 0-1

[Event "2. Solinger Karnevalsopen"]
[Site "Solingen"]
[Date "2011.03.06"]
[Round "4.31"]
[White "Jaskolka, Klaus"]
[Black "Herzum, Peter"]
[Result "1/2-1/2"]
[WhiteElo "1671"]
[BlackElo "1327"]
[PlyCount "47"]
[EventDate "2011.??.??"]

1. d4 d5 2. Nf3 Nf6 3. c4 e6 4. Bg5 Be7 5. Nc3 O-O 6. e3 Nbd7 7. Bd3 b6 8. O-O
dxc4 9. Bxc4 Bb7 10. Re1 Ne4 11. Bxe7 Qxe7 12. Nxe4 Bxe4 13. Bd3 Bxd3 14. Qxd3
c5 15. d5 exd5 16. Qxd5 Nf6 17. Qc4 Rfd8 18. Red1 h6 19. Rd3 Rxd3 20. Qxd3 Rd8
21. Qc2 Qd7 22. h3 Qd3 23. Qxd3 Rxd3 24. Kf1 1/2-1/2

[Event "2. Solinger Karnevalsopen"]
[Site "Solingen"]
[Date "2011.03.06"]
[Round "4.32"]
[White "Yilmaz, Ahmet"]
[Black "Nguyen, Philipp"]
[Result "1-0"]
[WhiteElo "1874"]
[BlackElo "947"]
[PlyCount "101"]
[EventDate "2011.??.??"]

1. e4 c5 2. b4 b6 3. bxc5 bxc5 4. Bc4 e6 5. Nc3 Nc6 6. Nf3 Be7 7. O-O d6 8. Re1
Nf6 9. e5 dxe5 10. Nxe5 Nxe5 11. Rxe5 Nd7 12. Re1 O-O 13. Rb1 Nb6 14. Qf3 Bd7
15. Bd3 Rc8 16. Bb2 Bc6 17. Qh3 h6 18. Rbd1 Bg5 19. Ne4 Bxe4 20. Bxe4 Bxd2 21.
Re2 Nc4 22. Bc3 Bxc3 23. Rxd8 Rcxd8 24. Qxc3 Rd6 25. g3 Rd4 26. Bd3 Ne5 27.
Rxe5 Ra4 28. Rxc5 Rxa2 29. Rc8 g6 30. Rxf8+ Kxf8 31. Qc8+ Kg7 32. Qc3+ Kf8 33.
Kg2 a5 34. Qb3 Ra1 35. Qb2 Ra4 36. Qb8+ Ke7 37. Qb7+ Kf8 38. Qd7 Ra1 39. Qd8+
Kg7 40. Qd4+ Kf8 41. Qxa1 Ke7 42. Qxa5 Kf6 43. f4 Kg7 44. Qc7 Kf8 45. Bb5 Kg7
46. Be8 Kh8 47. Qxf7 g5 48. Qf8+ Kh7 49. Bf7 h5 50. Qg8+ Kh6 51. Qg6# 1-0

[Event "2. Solinger Karnevalsopen"]
[Site "Solingen"]
[Date "2011.03.06"]
[Round "4.33"]
[White "Reksten, Anne"]
[Black "Junker, Stefan"]
[Result "1/2-1/2"]
[WhiteElo "1358"]
[BlackElo "1831"]
[PlyCount "163"]
[EventDate "2011.??.??"]

1. c4 c6 2. d4 d5 3. Nc3 Nf6 4. Bf4 e6 5. e3 Be7 6. h3 O-O 7. Nf3 Nbd7 8. Be2
dxc4 9. Bxc4 Nb6 10. Bd3 Nbd5 11. Nxd5 exd5 12. a3 Re8 13. O-O Ne4 14. Qc2 Bd6
15. Bxd6 Qxd6 16. b4 Qg6 17. Kh1 Qh6 18. Kh2 g5 19. Rh1 Qh5 20. Qe2 f6 21. Rac1
g4 22. Ng1 f5 23. g3 Ng5 24. Kg2 Qf7 25. h4 Ne6 26. Qd2 Ng7 27. Ne2 Nh5 28. Qc2
Bd7 29. a4 a6 30. a5 Rf8 31. Qc5 Rae8 32. Rhe1 Nf6 33. Nf4 Ne4 34. Bxe4 dxe4
35. Red1 Be6 36. d5 Bxd5 37. Nxd5 Re5 38. Nf6+ Qxf6 39. Qc4+ Qe6 40. Qxe6+ Rxe6
41. Rd7 Rf7 42. Rcd1 Kg7 43. Kf1 Kf6 44. R7d4 Rc7 45. Rc1 Ke5 46. Rc5+ Kf6 47.
Ke2 Rf7 48. Kd2 Ke7 49. Kc3 Rd6 50. Rcc4 Rd5 51. Rxd5 cxd5 52. Rc7+ Ke6 53.
Rxf7 Kxf7 54. Kd4 Ke6 55. Kc5 h6 56. Kb6 f4 57. gxf4 g3 58. fxg3 d4 59. Kxb7
dxe3 60. Kxa6 e2 61. b5 e1=Q 62. b6 Qb4 63. g4 e3 64. f5+ Kf6 65. g5+ hxg5 66.
hxg5+ Kxg5 67. f6 Kxf6 68. b7 Qd6+ 69. Ka7 Qc5+ 70. Ka6 Qd6+ 71. Ka7 Qb4 72.
b8=Q Qxb8+ 73. Kxb8 e2 74. a6 e1=Q 75. a7 Qb4+ 76. Ka8 Qc5 77. Kb7 Qd5+ 78. Kb8
Qd6+ 79. Kb7 Qd5+ 80. Kb8 Qb5+ 81. Ka8 Qc6+ 82. Kb8 1/2-1/2